| LEADER |
01338nam0a2200205 450 |
| 001 |
16831986 |
| 010 |
|
|
|a 979-10-363-0481-1
|b rel.
|d 12,9
|
| 100 |
|
|
|a 20190103d2019 u u0frey01 ba
|
| 101 |
1 |
|
|a fre
|c eng
|
| 102 |
|
|
|a FR
|
| 200 |
0 |
|
|a lion est un lion (Un)
|f Polly Dunbar
|g [traduction de l'anglais : Rosalind Elland-Goldsmith]
|
| 207 |
|
1 |
|a
|
| 210 |
|
|
|a [Paris]
|c Bayard Jeunesse
|d 2019
|
| 215 |
|
|
|a 1 vol. (40 p.)
|d 24 cm
|
| 330 |
|
|
|a Le lion est un animal féroce, tout le monde le sait. Mais... s'il porte un chapeau et un parapluie, s'il se montre amusant et très poli, s'il dit : 'je reste volontiers déjeuner, merci !'... faut-il se méfier de lui ? Les deux enfants de cette histoire rencontrent un lion et vont traverser bien des émotions. Au cours de l'album, la tension et le danger montent peu à peu, jusqu'au moment où les enfants trouvent le courage de dire très fort : « NON ! »Après s'être fiés aux manières séduisantes du lion, ils vont faire confiance à leur intuition et trouver, seuls, le moyen de se protéger du danger, lors d'un final libérateur.Ouste, le lion !
|
| 700 |
|
0 |
|a Dunbar
|b Polly
|4 70
|
| 702 |
|
0 |
|a Elland-Goldsmith
|b Rosalind
|f 1980 -....
|4 730
|
| 900 |
|
|
|a Album
|
| 901 |
|
|
|a Accessible au prêt
|
| 995 |
|
|
|a Bibliothèque
|c Bibliothèque
|f 024019752
|h 024019752
|k A DUN
|o p
|q j
|r az
|e Bibliothèque
|